000
00290nam a2200133Ia 4500
003
OSt
005
20240110112842.0
008
170523s9999 xx 000 0 und d
020
_a
9780070473997
040
_c
iimtu
100
_a
Mehrotra.R.S
245
0
_a
Plant Pathology
942
_2
ddc
_c
02
999
_c
11251
_d
11251